Statistics for Wordle Words --IST

Click here to take the quiz!

General Stats

  • This quiz has been taken 27 times
  • The average score is 4 of 9

Answer Stats

--IST% Correct
wrist
76%
moist
56%
hoist
52%
waist
48%
twist
44%
foist
40%
heist
40%
exist
32%
joist
32%

Score Distribution

Percentile by Number Answered

Percent of People with Each Score

Your Score History

You have not taken this quiz